00744nmm a2200205Ia 4500008004100000020001800041041000800059100004000067245011400107264005100221300001800272650003000290700004000320700003600360700003000396700003700426856005100463942000700514999001700521251105s9999||||xx |||||||||||||||||und|| a9788427726611 aspa aFernández Paradas, Antonio Rafael 0aHumanidades y Ciencias Sociales. Interrelaciones con las nuevas tecnologías en la sociedad del conocimiento a[Madrid, España] :bNarcea Ediciones, c2020 a336 páginas aSocial Sciences (General) aFernández Paradas, Antonio Rafael1 a Fernández Paradas, Mercedes1 a Ravina Ripoll, Rafael 1 a Tobar Pesántez, Luis Bayardo uhttps://public.digitaliapublishing.com/a/68530 cCF c65359d65359